Assesment of solar photovoltaic water pumping of wasa tube wells for quetta walley aquifer (Record no. 532790)
[ view plain ]
| 000 -LEADER | |
|---|---|
| fixed length control field | 00816nam a22002297a 4500 |
| 003 - CONTROL NUMBER IDENTIFIER | |
| control field | NUST |
| 005 - DATE AND TIME OF LATEST TRANSACTION | |
| control field | 20191203100719.0 |
| 008 - FIXED-LENGTH DATA ELEMENTS--GENERAL INFORMATION | |
| fixed length control field | 191203b ||||| |||| 00| 0 eng d |
| 038 ## - RECORD CONTENT LICENSOR | |
| Staff Name | IESE |
| 040 ## - CATALOGING SOURCE | |
| Transcribing agency | 0 |
| 050 ## - LIBRARY OF CONGRESS CALL NUMBER | |
| Classification number | 628 |
| 082 ## - DEWEY DECIMAL CLASSIFICATION NUMBER | |
| Classification number | 628 |
| Author Mark | KHA |
| 100 ## - MAIN ENTRY--PERSONAL NAME | |
| Personal name | Khan,Muhammad Saydal |
| 9 (RLIN) | 26389 |
| 245 ## - TITLE STATEMENT | |
| Title | Assesment of solar photovoltaic water pumping of wasa tube wells for quetta walley aquifer |
| Statement of responsibility, etc. | Muhammad saydal khan |
| 260 ## - PUBLICATION, DISTRIBUTION, ETC. | |
| Place of publication, distribution, etc. | Islamabad |
| Name of publisher, distributor, etc. | IESE (SCEE) NUST |
| Date of publication, distribution, etc. | 2019 |
| 300 ## - PHYSICAL DESCRIPTION | |
| Extent | 87p. |
| Other physical details | H.B |
| 440 ## - SERIES STATEMENT/ADDED ENTRY--TITLE | |
| Title | MS Environmental Engineering |
| 9 (RLIN) | 1549 |
| 500 ## - GENERAL NOTE | |
| General note | Thesis MS EE |
| 650 ## - SUBJECT ADDED ENTRY--TOPICAL TERM | |
| Topical term or geographic name entry element | Environmental Engineering |
| 9 (RLIN) | 1550 |
| 700 ## - ADDED ENTRY--PERSONAL NAME | |
| Relator code | Dr. M Anwar Baig (Supervisor) |
| 942 ## - ADDED ENTRY ELEMENTS (KOHA) | |
| Source of classification or shelving scheme | |
| Koha item type | Thesis |
| Call number prefix | IESE |
| Withdrawn status | Lost status | Source of classification or shelving scheme | Damaged status | Not for loan | Permanent Location | Current Location | Shelving location | Date acquired | Total Checkouts | Full call number | Barcode | Date last seen | Price effective from | Koha item type |
|---|---|---|---|---|---|---|---|---|---|---|---|---|---|---|
| Not For Loan | Institute of Environmental Science and Engineering (IESE) | Institute of Environmental Science and Engineering (IESE) | Thesis | 12/03/2019 | 628 KHA | IESE-T-641 | 12/03/2019 | 12/03/2019 | Thesis | |||||
| Not For Loan | Institute of Environmental Science and Engineering (IESE) | Institute of Environmental Science and Engineering (IESE) | Thesis | 09/29/2020 | 628 KHA | IESE-T-732 | 09/29/2020 | 09/29/2020 | Thesis | |||||
| Not For Loan | Institute of Environmental Science and Engineering (IESE) | Institute of Environmental Science and Engineering (IESE) | Thesis | 09/29/2020 | 628 KHA | IESE-T-733 | 09/29/2020 | 09/29/2020 | Thesis |
